Language Quiz

Random Language or Letter Quiz

1-10 Letter J Words Quiz Stats

 Plays Quiz Updated Nov 27, 2015

Challenge
Share
Tweet
Embed
Score 0/10 Timer 02:00
2 Plays Today
Clue J-Word % Correct
Unit where 4.814 make one calorieJ
100%
One who rides a horse in a prize racejockey
93.3%
The top prize in a lotteryjackpot
90.1%
A type of hot pepper from Mexicojalapeño
89.4%
Extend out fromjut
80.9%
Designation for a non-top tier HS or college sports teamJV
80.7%
A person or thing that brings bad luckjinx
74.4%
A rice dish with sausage, chicken and seafoodjambalaya
65.6%
A massive force that crushes everything in its pathjuggernaut
49.4%
A female donkeyjenny
36.9%

You're not logged in!

Compare scores with friends on all Sporcle quizzes.
OR
Log In

You Might Also Like...

Show Comments

Extras

Top Quizzes Today


Score Distribution

Your Account Isn't Verified!

In order to create a playlist on Sporcle, you need to verify the email address you used during registration. Go to your Sporcle Settings to finish the process.

Report this User

Report this user for behavior that violates our Community Guidelines.

Details: